Leka nošt, sladki săništa /

Hlavní autor: Kratochvil, Jiří, 1940-
Další autoři: Penčeva, Anželina, 1957-
Jazyk: Bulharština
Vydáno: Sofija : Paradoks, 2014
Témata:
Fyzický popis: 280 s. ; 21 cm
Knihy
Uloženo v:
LEADER 00969nam a2200277 a 4500
001 001456213
003 CZ BrMZK
005 20150325085325.0
007 ta
008 150216s2014 bu g 000 f bulo
020 |a 978-954-553-194-1  |q (brož.) 
040 |a BOA001  |b cze 
072 7 |a 821.162.3-3  |x Česká próza  |2 Konspekt  |9 25 
080 |a 821.162.3-31  |2 MRF 
080 |a (0:82-31)  |2 MRF 
100 1 |a Kratochvil, Jiří,  |d 1940-  |7 jn19990209413  |4 aut 
240 1 0 |a Dobrou noc, sladké sny.  |l Bulharsky 
245 1 0 |a Leka nošt, sladki săništa /  |c Irži Kratochvil ; prevod ot češki Anželina Penčeva 
260 |a Sofija :  |b Paradoks,  |c 2014 
300 |a 280 s. ;  |c 21 cm 
655 7 |a české romány  |7 fd133974  |2 czenas 
700 1 |a Penčeva, Anželina,  |d 1957-  |7 mzk2007424208  |4 trl 
910 |a BOA001  |b 2-1340.494 
990 |a BK 
991 |b 201503  |c NOV  |e b  |g g 
996 7 |b 2610623404  |c 2-1340.494  |l MZK  |r Sklad / do 1 hodiny  |n 0  |p dar  |w 001491632  |u 000010  |a 1  |e BOA001  |j MZK50  |s A